Statistics for Series of Things #2

Click here to take the quiz!

General Stats

  • This quiz has been taken 43,118 times
  • The average score is 13 of 22

Answer Stats

SeriesNext in Order% Correct
Bronze, SilverGold
98%
Million, BillionTrillion
93%
Once, TwiceThrice
89%
Twin, TripletQuadruplet
80%
Bad, WorseWorst
80%
Bachelor's, Master'sDoctorate
73%
Primary, SecondaryTertiary
72%
Alpha, BetaGamma
71%
Un, DeuxTrois
71%
Half, QuarterEighth
67%
Skim, 2%Whole
65%
Pint, QuartGallon
53%
Byzantium, ConstantinopleIstanbul
52%
Kilo, MegaGiga
49%
John Paul II, Benedict XVIFrancis
45%
Aries, TaurusGemini
43%
Species, GenusFamily
40%
Earl, MarquessDuke
36%
Genesis, ExodusLeviticus
36%
Captain, CommodoreAdmiral
33%
Paleolithic, MesolithicNeolithic
21%
VS, VSOPXO
7%

Score Distribution

Percentile by Number Answered

Percent of People with Each Score

Your Score History

You have not taken this quiz